Cutbacks Threaten Argentinas's Children and Future /
Wedi'i Gadw mewn:
| Prif Awdur: | |
|---|---|
| Fformat: | Texto |
| Pynciau: | |
| Tagiau: |
Ychwanegu Tag
Dim Tagiau, Byddwch y cyntaf i dagio'r cofnod hwn!
|
MARC
| LEADER | 00000 a a2200000 04500 | ||
|---|---|---|---|
| 001 | 9964 | ||
| 003 | |||
| 040 | |||
| 100 | |a Gaudin, Andrés | ||
| 245 | |a Cutbacks Threaten Argentinas's Children and Future / |c Andrés Gaudin | ||
| 650 | |a CRISIS SOCIAL | ||
| 650 | |a RECESION ECONOMICA | ||
| 650 | |a MALNUTRICION | ||
| 650 | |a NIÑOS | ||
| 650 | |a UNICEF | ||
| 773 | |g volumen 36, número 1; páginas 34-37 | ||
| 999 | |c 22042 |d 22042 | ||
